Marketing Analytics: data-driven techniques with Microsoft Excel
Đã lưu trong:
| Tác giả chính: | |
|---|---|
| Định dạng: | Sách |
| Ngôn ngữ: | Tiếng Anh |
| Được phát hành: |
Indianápolis
John Wiley and Sons, Inc.
2014
|
| Phiên bản: | 1a. ed |
| Những chủ đề: | |
| Các nhãn: |
Thêm thẻ
Không có thẻ, Là người đầu tiên thẻ bản ghi này!
|
MARC
| LEADER | 00000cam a2200000 a 4500 | ||
|---|---|---|---|
| 001 | UCE9031 | ||
| 003 | CL-VaPUC | ||
| 008 | 150928e20140000us |||||||||||||||||eng|d | ||
| 020 | |a 9781118373439 | ||
| 082 | 0 | 4 | |a 658.83 |b WIN |2 21 |
| 100 | 0 | |a Winston, Wayne L |e author |9 581744 | |
| 245 | 1 | 0 | |a Marketing Analytics: data-driven techniques with Microsoft Excel |
| 250 | |a 1a. ed | ||
| 300 | |a 690 p | ||
| 942 | |c BK | ||
| 945 | |d 20150928 14:02:00 |a dcastane | ||
| 260 | |a Indianápolis |b John Wiley and Sons, Inc. |c 2014 | ||
| 650 | 0 | |a Marketing |9 259324 | |
| 650 | 7 | |a MINERIA DE DATOS |2 CL-VaPUC |9 581745 | |
| 650 | 0 | |a Comercio electrónico |9 428366 | |
| 583 | |a last modification |c 20150928 14:02:00 |k Rodrigo Vera | ||
| 999 | |c 360770 |d 360768 | ||
| 952 | |0 0 |1 0 |3 erb |4 0 |6 658_830000000000000_WIN_2014 |7 0 |8 A |9 470720 |a BIBING |b BIBING |i 5199808 |o 658.83 WIN 2014 |p 5199808 |r 2025-01-20 |w 2019-11-23 |y BK |z Catalogado en:20150928 |k EII | ||